[Event "Niedersachsen-ch op C"]
[Site "Verden"]
[Date "2018.01.07"]
[Round "7"]
[White "Bruehl, Katharina"]
[Black "Gawollek, Hans"]
[Result "1-0"]
[WhiteElo "1334"]
[BlackElo "1246"]
[PlyCount "113"]
[EventDate "2018.01.04"]
[EventType "swiss"]
[EventRounds "7"]
[EventCountry "GER"]
[SourceTitle "EXT 2022"]
[Source "ChessBase"]
[SourceDate "2021.10.06"]
[SourceVersion "1"]
[SourceVersionDate "2021.10.06"]
[SourceQuality "1"]

1. e4 e5 2. Nf3 d6 3. Bc4 h6 4. d3 Nc6 5. Nc3 Nf6 6. Be3 a6 7. h3 Na5 8. Bd5 c6 9. Bb3 Nxb3 10. axb3 Be7 11. Qd2 Be6 12. Na4 c5 13. c4 b5 14. Nc3 b4 15. Ne2 Nh7 16. Ng3 0-0 17. Nh5 f5 18. Nxg7 Rf6 19. Nxe6 Rxe6 20. exf5 Rf6 21. Bxh6 Rxf5 22. Be3 Kf7 23. Nh2 Ke8 24. Qe2 Rf7 25. 0-0 Qc7 26. f4 exf4 27. Rxf4 Rxf4 28. Bxf4 Kd8 29. Qh5 Nf6 30. Qf3 Qc8 31. Bxd6 Bxd6 32. Qxf6+ Be7 33. Qh8+ Kd7 34. Qxc8+ Kxc8 35. Ng4 Bd6 36. Re1 Kc7 37. Nf6 Kc6 38. Re6 a5 39. Ne4 Rd8 40. Nxd6 Rxd6 41. Rxd6+ Kxd6 42. Kf2 Ke5 43. Kf3 Kd4 44. Ke2 Ke5 45. Ke3 Kf5 46. Kf3 Ke5 47. g4 Kd4 48. Ke2 Ke5 49. Ke3 Kf6 50. Kf4 Kg6 51. h4 Kf6 52. h5 Kg7 53. g5 Kh7 54. g6+ Kh6 55. Kf5 Kg7 56. h6+ Kxh6 57. Kf6 1-0

[Event "Niedersachsen-ch op-D"]
[Site "Verden"]
[Date "2017.01.05"]
[Round "1"]
[White "Gawollek, Hans"]
[Black "Rust Bulmahn, Kornelia"]
[Result "1-0"]
[WhiteElo "1398"]
[BlackElo "996"]
[PlyCount "101"]
[EventDate "2017.01.05"]
[EventType "swiss"]
[EventRounds "7"]
[EventCountry "GER"]
[SourceTitle "CBM 187 Extra"]
[Source "ChessBase"]
[SourceDate "2018.11.04"]
[SourceVersion "1"]
[SourceVersionDate "2018.11.04"]
[SourceQuality "1"]

1. d4 d5 2. e3 a6 3. c4 e6 4. a3 Nf6 5. Nc3 c6 6. Nf3 h6 7. c5 Nbd7 8. Bd3 Be7 9. 0-0 0-0 10. b4 b6 11. cxb6 Nxb6 12. Qc2 Nbd7 13. Bb2 Bd6 14. h3 e5 15. e4 exd4 16. Nxd4 Ne5 17. exd5 Nxd3 18. Qxd3 cxd5 19. Nf3 Be6 20. Rad1 Qb6 21. Na4 Qc6 22. Nc3 Be7 23. Nd4 Qc4 24. Nf5 Bxf5 25. Qxf5 Qb3 26. Rd2 Rad8 27. Qb1 d4 28. Ne2 d3 29. Nf4 Qc4 30. Nxd3 Ne4 31. Rdd1 Nc3 32. Qc2 Bf6 33. Bxc3 Qxc3 34. Qxc3 Bxc3 35. Nc5 a5 36. b5 Bd4 37. Nb7 Rd5 38. a4 Ra8 39. Rc1 Bb6 40. Rc6 Bd8 41. Nxd8 Raxd8 42. Ra6 Rd1 43. Rxd1 Rxd1+ 44. Kh2 Rd5 45. Rxa5 g5 46. Ra8+ Kg7 47. b6 Rd7 48. Ra7 Rd8 49. b7 Rb8 50. a5 f5 51. a6 1-0

[Event "Lueneburg distr-ch Haupt"]
[Site "Muenster"]
[Date "2016.10.15"]
[Round "5.10"]
[White "Stricker, Tommy"]
[Black "Gawollek, Hans"]
[Result "1/2-1/2"]
[WhiteElo "1473"]
[BlackElo "1398"]
[PlyCount "62"]
[EventDate "2016.10.13"]
[EventType "swiss"]
[EventRounds "7"]
[EventCountry "GER"]
[SourceTitle "EXT 2019"]
[Source "ChessBase"]
[SourceDate "2018.10.10"]
[SourceVersion "1"]
[SourceVersionDate "2018.10.10"]
[SourceQuality "1"]

1. e4 e5 2. Nf3 d6 3. d4 exd4 4. Nxd4 Nf6 5. Nc3 Bd7 6. Bc4 Nc6 7. 0-0 Be7 8. b3 Ne5 9. Be2 a6 10. a4 Nc6 11. Bb2 0-0 12. Bf3 Ne5 13. Be2 Re8 14. f4 Neg4 15. Qd2 c5 16. Nf3 Bc6 17. h3 Nh6 18. Ng5 Qb6 19. Bc4 Rad8 20. Qd3 d5 21. Nxd5 Bxd5 22. exd5 Rxd5 23. Qf3 Rdd8 24. Rad1 Rxd1 25. Rxd1 Qc7 26. Bxf6 Bxf6 27. Kh1 Bd4 28. c3 Re3 29. Qd5 Rxc3 30. Ne4 Re3 31. b4 Qxf4 1/2-1/2

[Event "Lueneburg distr-ch Haupt"]
[Site "Tostedt"]
[Date "2015.10.24"]
[Round "5.5"]
[White "Schmidt, Ulrich1111"]
[Black "Gawollek, Hans"]
[Result "1-0"]
[WhiteElo "1779"]
[BlackElo "1414"]
[PlyCount "137"]
[EventDate "2015.10.22"]
[EventType "swiss"]
[EventRounds "7"]
[EventCountry "GER"]
[SourceTitle "EXT 2019"]
[Source "ChessBase"]
[SourceDate "2018.10.10"]
[SourceVersion "1"]
[SourceVersionDate "2018.10.10"]
[SourceQuality "1"]

1. d4 d5 2. Nf3 Nc6 3. Bf4 e6 4. e3 Bd6 5. Bg3 Bxg3 6. hxg3 Nf6 7. c3 a6 8. Bd3 Bd7 9. Nbd2 Qe7 10. Qc2 h6 11. 0-0-0 Ng4 12. Rhf1 0-0-0 13. e4 dxe4 14. Nxe4 Nb8 15. Rde1 Bc6 16. Qb3 Nf6 17. Ned2 Qd7 18. Ne5 Qe8 19. Nxc6 Qxc6 20. Nf3 Qd6 21. Ne5 Rhf8 22. Be2 Nd5 23. Nc4 Qc6 24. Bf3 Qd7 25. a4 Qc6 26. Re2 b5 27. Ne5 Qb6 28. axb5 axb5 29. Kc2 Nd7 30. Bxd5 exd5 31. Qxd5 Nf6 32. Qa8+ Qb8 33. Qxb8+ Kxb8 34. Nc6+ Kc8 35. Nxd8 Rxd8 36. Rfe1 Rd7 37. Re7 Kd8 38. Rxd7+ Kxd7 39. Kd3 Nd5 40. b3 g6 41. Re4 f6 42. c4 Nb4+ 43. Kc3 Na2+ 44. Kd2 bxc4 45. bxc4 Nb4 46. Rh4 h5 47. g4 hxg4 48. Rxg4 g5 49. Rg3 Nc6 50. Kc3 Ne7 51. Kd3 Nf5 52. Rh3 Nh4 53. Rh2 Ke6 54. f4 Kf5 55. fxg5 fxg5 56. Ke3 c6 57. g3 Ng6 58. Rh6 Ne7 59. Kf3 g4+ 60. Kg2 Ng6 61. Rxg6 Kxg6 62. Kf2 Kf5 63. Ke3 Ke6 64. Kf4 Kd6 65. Kxg4 c5 66. d5 Ke5 67. Kh5 Kd4 68. d6 Kxc4 69. d7 1-0

[Event "Lueneburg distr-ch Haupt"]
[Site "Tostedt"]
[Date "2015.10.22"]
[Round "2.6"]
[White "Gawollek, Hans"]
[Black "Nannt, Michael"]
[Result "0-1"]
[WhiteElo "1414"]
[BlackElo "1627"]
[PlyCount "138"]
[EventDate "2015.10.22"]
[EventType "swiss"]
[EventRounds "7"]
[EventCountry "GER"]
[SourceTitle "EXT 2019"]
[Source "ChessBase"]
[SourceDate "2018.10.10"]
[SourceVersion "1"]
[SourceVersionDate "2018.10.10"]
[SourceQuality "1"]

1. d4 e6 2. e4 d5 3. e5 c5 4. c3 Bd7 5. Nf3 cxd4 6. cxd4 Nc6 7. a3 h6 8. Bb5 Nxe5 9. Bxd7+ Nxd7 10. 0-0 Ngf6 11. Nc3 a6 12. Re1 Be7 13. b4 b5 14. Nd2 Rc8 15. Bb2 Nb6 16. Ra2 0-0 17. Nb3 Nc4 18. Ba1 Nxa3 19. Rxa3 Bxb4 20. Rxa6 Bxc3 21. Nc5 Bxe1 22. Qxe1 Ra8 23. h3 Rxa6 24. Nxa6 Qa8 25. Nc5 Qa2 26. Bc3 Qc4 27. Nb7 Ne4 28. Bb2 b4 29. Na5 Qb5 30. Nb3 Rc8 31. f3 Nc3 32. Nc5 Qe2 33. Bxc3 Qxe1+ 34. Bxe1 Rb8 35. Nb3 Kf8 36. Kf2 Ke7 37. f4 Kd6 38. Ke3 Kc6 39. Na5+ Kd7 40. Nb3 Rb6 41. g4 Kc6 42. Kd3 Kb5 43. Nc5 Rb8 44. Bxb4 Ra8 45. Bc3 Ra2 46. Bd2 Ra1 47. Ke2 Rh1 48. Nd3 Rxh3 49. Nf2 Ra3 50. Nd3 Ra7 51. Ke3 Ra3 52. Ke2 f5 53. gxf5 exf5 54. Be3 h5 55. Ne5 h4 56. Nf3 h3 57. Bg1 Ra2+ 58. Nd2 Kb4 59. Ke1 Kc3 60. Nf3 Kd3 61. Kf1 Ke4 62. Ng5+ Kxf4 63. Nxh3+ Kg4 64. Nf2+ Kf3 65. Nd3 g5 66. Ne1+ Ke4 67. Ng2 f4 68. Bh2 f3 69. Ne1 Rxh2 0-1

[Event "Niedersachsen-ch op-B"]
[Site "Verden"]
[Date "2015.01.03"]
[Round "4"]
[White "Dannehr, Kerstin"]
[Black "Gawollek, Hans"]
[Result "1-0"]
[WhiteElo "1503"]
[BlackElo "1426"]
[PlyCount "97"]
[EventDate "2015.01.02"]
[EventType "swiss"]
[EventRounds "7"]
[EventCountry "GER"]
[SourceTitle "EXT 2018"]
[Source "ChessBase"]
[SourceDate "2017.10.13"]
[SourceVersion "1"]
[SourceVersionDate "2017.10.13"]
[SourceQuality "1"]

1. e4 e5 2. Nf3 Nc6 3. Nc3 Bb4 4. Nd5 Bc5 5. Bb5 a6 6. Be2 Nf6 7. Nc3 Bb4 8. d3 Bxc3+ 9. bxc3 h6 10. 0-0 0-0 11. c4 d6 12. Bd2 Be6 13. Ne1 Nd4 14. c3 Nxe2+ 15. Qxe2 Nd7 16. Nc2 f5 17. f3 fxe4 18. fxe4 Qe7 19. Be3 Rf6 20. Rxf6 Nxf6 21. h3 c5 22. Bd2 Rf8 23. Rf1 Rf7 24. Ne3 Qe8 25. Be1 Rf8 26. Nd5 Qd8 27. a3 Rf7 28. Qb2 Nh5 29. Rxf7 Kxf7 30. Qxb7+ Kg8 31. Qxa6 Qg5 32. Kh2 Nf4 33. Nxf4 Qxf4+ 34. Bg3 Qf8 35. a4 g5 36. d4 cxd4 37. cxd4 exd4 38. c5 Qf7 39. Qxd6 h5 40. Qxd4 h4 41. Bd6 g4 42. hxg4 Bxg4 43. e5 Qg6 44. Qf4 Qg7 45. c6 Kh7 46. c7 Kg8 47. Qc4+ Kh7 48. e6 Qg5 49. c8Q 1-0

[Event "Niedersachsen-ch op-B"]
[Site "Verden"]
[Date "2015.01.03"]
[Round "3"]
[White "Gawollek, Hans"]
[Black "Meiwes, Thore"]
[Result "1-0"]
[WhiteElo "1426"]
[BlackElo "962"]
[PlyCount "106"]
[EventDate "2015.01.02"]
[EventType "swiss"]
[EventRounds "7"]
[EventCountry "GER"]
[SourceTitle "EXT 2018"]
[Source "ChessBase"]
[SourceDate "2017.10.13"]
[SourceVersion "1"]
[SourceVersionDate "2017.10.13"]
[SourceQuality "1"]

1. e4 e5 2. d4 d6 3. dxe5 dxe5 4. Qxd8+ Kxd8 5. Nf3 Nc6 6. Bb5 Nd4 7. Nxd4 exd4 8. 0-0 c6 9. Bc4 Be6 10. Be2 g6 11. Rd1 Bg7 12. c3 Ke8 13. cxd4 Rd8 14. Be3 c5 15. Bg5 Rxd4 16. Rxd4 Bxd4 17. Bc1 Nf6 18. Nd2 Bg4 19. Bb5+ Kf8 20. h3 Bd7 21. Bxd7 Nxd7 22. Nf3 Kg7 23. Nxd4 cxd4 24. Bf4 Re8 25. f3 Nc5 26. Rd1 Ne6 27. Be5+ Kg8 28. Bf6 Rc8 29. Bxd4 Nxd4 30. Rxd4 Rc2 31. Rb4 b6 32. Kh2 Kg7 33. h4 h5 34. Kh3 Kf6 35. a4 Ke5 36. Kg3 f5 37. f4+ Kd6 38. e5+ Kd5 39. Kf3 Ke6 40. Rb5 Rc5 41. Rxc5 bxc5 42. b3 a5 43. Ke3 Kd5 44. Kd3 Kc6 45. Kc4 Kb6 46. Kd5 Kc7 47. Kxc5 Kd7 48. Kb5 Ke6 49. Kxa5 g5 50. hxg5 Kd5 51. g6 Ke6 52. Kb6 Ke7 53. a5 Kf8 1-0

[Event "Niedersachsen-ch op-B"]
[Site "Verden"]
[Date "2012.01.03"]
[Round "3"]
[White "Gawollek, Hans"]
[Black "Ueltzen, Horst"]
[Result "1-0"]
[WhiteElo "1447"]
[BlackElo "1137"]
[PlyCount "143"]
[EventDate "2012.01.02"]
[EventType "swiss"]
[EventRounds "7"]
[EventCountry "GER"]
[SourceTitle "EXT 2021"]
[Source "ChessBase"]
[SourceDate "2020.10.23"]
[SourceVersion "1"]
[SourceVersionDate "2020.10.23"]
[SourceQuality "1"]

1. d4 e6 2. c4 Nf6 3. a3 c5 4. Nc3 cxd4 5. Qxd4 d6 6. e4 Qb6 7. Qxb6 axb6 8. Bd3 Nbd7 9. Nf3 Be7 10. 0-0 Nc5 11. Bc2 0-0 12. Re1 Ng4 13. h3 Nf6 14. Be3 Bd7 15. b4 Na4 16. Bxa4 Bxa4 17. Bxb6 Bd7 18. Be3 Rac8 19. Nd2 Bc6 20. Bg5 h6 21. Bh4 Rfe8 22. f3 Nd7 23. Bg3 Bf6 24. Rac1 Be5 25. f4 Bd4+ 26. Bf2 Bxf2+ 27. Kxf2 Nf6 28. e5 dxe5 29. fxe5 Nh5 30. Nce4 Red8 31. Nd6 Nf4 32. Rc3 Rc7 33. N2e4 Ng6 34. Ng3 Rcd7 35. c5 Nf4 36. Nge4 Nd5 37. Rcc1 Nf4 38. Re3 Ng6 39. Nc3 Ra8 40. b5 Bd5 41. Nxd5 exd5 42. g3 Ne7 43. Rf3 Rf8 44. Rf1 Ng6 45. Re1 Re7 46. Rfe3 Rb8 47. h4 h5 48. e6 f6 49. Nf5 Ree8 50. e7 Ne5 51. Rxe5 fxe5 52. Rxe5 Kf7 53. Nd6+ Kf6 54. Rf5+ Ke6 55. Nxe8 Rxe8 56. Rxh5 Rxe7 57. Rg5 d4 58. Ke2 Kf6+ 59. Kd3 Re3+ 60. Kxd4 Rxa3 61. Kc4 Ra4+ 62. Kd5 Ra5 63. b6 g6 64. Kd6 Ra3 65. Kc7 Rf3 66. Kxb7 Rf5 67. c6 Rxg5 68. hxg5+ Ke6 69. c7 Kd6 70. c8Q Ke5 71. Qe8+ Kf5 72. Qe3 1-0

[Event "Niedersachsen-ch op"]
[Site "Verden"]
[Date "2011.01.02"]
[Round "1"]
[White "Gawollek, Hans"]
[Black "Heyne, Jan Hendrik"]
[Result "0-1"]
[WhiteElo "1454"]
[BlackElo "1769"]
[PlyCount "64"]
[EventDate "2011.01.02"]
[EventType "swiss"]
[EventRounds "7"]
[EventCountry "GER"]
[SourceTitle "EXT 2018"]
[Source "ChessBase"]
[SourceDate "2017.10.13"]
[SourceVersion "1"]
[SourceVersionDate "2017.10.13"]
[SourceQuality "1"]

1. d4 d5 2. Nf3 Nf6 3. e3 e6 4. c4 c6 5. a3 Nbd7 6. Nc3 Bd6 7. cxd5 exd5 8. Bd3 a5 9. h3 0-0 10. 0-0 Re8 11. b3 Ne4 12. Bb2 Qe7 13. Bxe4 dxe4 14. Nd2 Nf6 15. f4 exf3 16. Rxf3 Nd5 17. Nxd5 cxd5 18. Bc1 Bd7 19. a4 Rac8 20. Nf1 Qe4 21. Bd2 b6 22. Rc1 Rxc1 23. Bxc1 Rc8 24. Bb2 g6 25. Rf2 Bf5 26. Rf3 Bb4 27. Ng3 Qc2 28. Qxc2 Bxc2 29. Rf1 Bxb3 30. Ra1 Rc2 31. Bc1 Bc3 32. Rb1 Ba2 0-1

[Event "Niedersachsen-ch open"]
[Site "Verden"]
[Date "2010.01.05"]
[Round "6.62"]
[White "Gawollek, Hans"]
[Black "Bach, Jannik"]
[Result "0-1"]
[WhiteElo "1468"]
[BlackElo "1673"]
[PlyCount "110"]
[EventDate "2010.01.03"]
[EventType "swiss"]
[EventRounds "7"]
[EventCountry "GER"]
[SourceTitle "EXT 2012"]
[Source "ChessBase"]
[SourceDate "2011.11.24"]
[SourceVersion "1"]
[SourceVersionDate "2011.11.24"]
[SourceQuality "1"]

1. d4 Nf6 2. Nc3 g6 3. e4 d6 4. Nf3 Bg7 5. h3 0-0 6. Be2 Nbd7 7. Bg5 c5 8. d5 a6 9. 0-0 b5 10. a3 Bb7 11. Rb1 Rc8 12. Nd2 Nb6 13. Bf3 Nfd7 14. Ne2 Na4 15. c3 Nab6 16. Bg4 Ra8 17. f4 c4 18. Rf2 Nc5 19. f5 Nd3 20. Rf1 Nd7 21. fxg6 hxg6 22. Kh1 N7e5 23. Ng3 Bc8 24. Be2 Qc7 25. Be3 Rb8 26. Bd4 a5 27. Bxd3 Nxd3 28. Bxg7 Kxg7 29. Nf3 Qc5 30. Qd2 Bd7 31. Nd4 Ne5 32. Rbe1 b4 33. axb4 axb4 34. Nge2 Nd3 35. Rb1 bxc3 36. Qxc3 Kg8 37. Ng3 Qb4 38. Nc2 Qxc3 39. bxc3 Kg7 40. Ne2 Nf2+ 41. Kg1 Nxe4 42. Rbc1 Rb2 43. Rfe1 Nc5 44. Ned4 Nd3 45. Rxe7 Nxc1 46. Rxd7 Ne2+ 47. Kh2 Nxd4 48. Nxd4 Ra8 49. Nf3 Raa2 50. Nh4 Rc2 51. Rxd6 Rxc3 52. Rb6 Rd3 53. d6 c3 54. Rc6 c2 55. Nf3 Rxf3 0-1

[Event "Niedersachsen-ch open"]
[Site "Verden"]
[Date "2010.01.04"]
[Round "4.75"]
[White "Gawollek, Hans"]
[Black "Mayen, Paul"]
[Result "1-0"]
[WhiteElo "1468"]
[BlackElo "917"]
[PlyCount "49"]
[EventDate "2010.01.03"]
[EventType "swiss"]
[EventRounds "7"]
[EventCountry "GER"]
[SourceTitle "EXT 2012"]
[Source "ChessBase"]
[SourceDate "2011.11.24"]
[SourceVersion "1"]
[SourceVersionDate "2011.11.24"]
[SourceQuality "1"]

1. d4 c5 2. dxc5 e5 3. e3 Bxc5 4. a3 Nf6 5. Nc3 d6 6. Bc4 0-0 7. Nf3 Nc6 8. h3 Bf5 9. 0-0 Rc8 10. Re1 a6 11. e4 Bg6 12. Bg5 Nd4 13. Nd5 Nxf3+ 14. Qxf3 Bxf2+ 15. Qxf2 Rxc4 16. Bxf6 gxf6 17. Nxf6+ Kg7 18. b3 Rd4 19. c3 Rd3 20. Qc2 Rg3 21. Rf1 Qc8 22. Nd5 Qxh3 23. Qf2 Bxe4 24. Qf6+ Kg8 25. Ne7# 1-0

[Event "Niedersachsen-ch op"]
[Site "Verden"]
[Date "2009.01.05"]
[Round "5"]
[White "Gawollek, Hans"]
[Black "Kohlscheen, Jens"]
[Result "0-1"]
[WhiteElo "1323"]
[BlackElo "1711"]
[PlyCount "144"]
[EventDate "2009.01.03"]
[EventType "swiss"]
[EventRounds "7"]
[EventCountry "GER"]
[SourceTitle "EXT 2012"]
[Source "ChessBase"]
[SourceDate "2011.11.24"]
[SourceVersion "1"]
[SourceVersionDate "2011.11.24"]
[SourceQuality "1"]

1. e4 c5 2. Bc4 Nc6 3. a3 Nf6 4. Nc3 e6 5. Nf3 d5 6. exd5 exd5 7. Bb5 a6 8. Bxc6+ bxc6 9. h3 Be7 10. d3 0-0 11. 0-0 Qc7 12. Bg5 h6 13. Bh4 Bf5 14. Re1 Rfe8 15. Bg3 Bd6 16. Rxe8+ Rxe8 17. Bxd6 Qxd6 18. Qd2 d4 19. Ne2 Nd5 20. Re1 Re6 21. Ng3 Bg6 22. Nh4 Bh7 23. Nf3 Nc7 24. c4 dxc3 25. Qxc3 Qxd3 26. Qxc5 Rxe1+ 27. Nxe1 Qd7 28. Qb6 Bb1 29. Qb8+ Kh7 30. Qb4 Nd5 31. Qd2 Qb7 32. Qc1 Bg6 33. Nf3 f6 34. Nd4 Ne7 35. b4 Qd7 36. Qc5 Bd3 37. Qc3 Bb5 38. Qe3 Qd6 39. Ngf5 Nxf5 40. Nxf5 Qd5 41. Ng3 Qd1+ 42. Kh2 Qd6 43. f4 Bd3 44. Qd2 Qd5 45. Qc1 Qb5 46. Nh1 Be4 47. Nf2 Bd5 48. Qc2+ Kg8 49. Ng4 Qb6 50. Qe2 Qc7 51. g3 a5 52. bxa5 Qxa5 53. Qe8+ Kh7 54. Qe3 Qa4 55. Qd3+ Kh8 56. Ne3 Be4 57. Qc4 Qxc4 58. Nxc4 Kg8 59. h4 Kf8 60. Kg1 Ke7 61. Kf2 Bd5 62. Nb6 Be6 63. Ke3 Kd6 64. a4 Kc7 65. a5 c5 66. Kd3 Kc6 67. Nc4 Kb5 68. Nd6+ Kxa5 69. Ne8 Kb4 70. Nxg7 c4+ 71. Kc2 Bd5 72. Nf5 Be4+ 0-1

[Event "Niedersachsen-ch"]
[Site "Verden"]
[Date "2008.01.04"]
[Round "3"]
[White "Gawollek, Hans"]
[Black "Almeev, Timur"]
[Result "1-0"]
[WhiteElo "1304"]
[BlackElo "936"]
[PlyCount "83"]
[EventDate "2008.01.03"]
[EventType "swiss"]
[EventRounds "7"]
[EventCountry "GER"]
[SourceTitle "EXT 2010"]
[Source "ChessBase"]
[SourceDate "2010.11.25"]
[SourceVersion "1"]
[SourceVersionDate "2010.11.25"]
[SourceQuality "1"]

1. c4 e5 2. e3 Nf6 3. d4 exd4 4. exd4 Bb4+ 5. Bd2 Qe7+ 6. Be2 Ne4 7. a3 Nxd2 8. Nxd2 Bxd2+ 9. Qxd2 0-0 10. Nf3 Re8 11. b4 d6 12. h3 b6 13. Ra2 Be6 14. 0-0 b5 15. d5 bxc4 16. dxe6 Qxe6 17. Re1 Nd7 18. Rc2 Ne5 19. Nxe5 Qxe5 20. Rxc4 d5 21. Rcc1 Rad8 22. Bb5 Qd6 23. Rxe8+ Rxe8 24. Bxe8 Kf8 25. Re1 c5 26. bxc5 Qxc5 27. Qb4 Qxb4 28. axb4 d4 29. Bb5 f6 30. Rd1 Ke7 31. Rxd4 Ke6 32. Bc4+ Ke5 33. Rd7 Ke4 34. Rxa7 Kd4 35. Rc7 Kc3 36. b5 Kc2 37. Bg8+ Kb2 38. Bxh7 Ka3 39. b6 Ka4 40. b7 Kb5 41. b8Q+ Ka6 42. Ra7# 1-0

[Event "Niedersachsen-ch Seniors 41st"]
[Site "Sottrum"]
[Date "2007.03.30"]
[Round "9"]
[White "Buchholz, Horst1111"]
[Black "Gawollek, Hans"]
[Result "1-0"]
[WhiteElo "1421"]
[BlackElo "1304"]
[PlyCount "57"]
[EventDate "2007.03.22"]
[EventType "swiss"]
[EventRounds "9"]
[EventCountry "GER"]
[SourceTitle "EXT 2022"]
[Source "ChessBase"]
[SourceDate "2021.10.06"]
[SourceVersion "1"]
[SourceVersionDate "2021.10.06"]
[SourceQuality "1"]

1. d4 d5 2. Nc3 e6 3. e4 dxe4 4. f3 exf3 5. Nxf3 Nc6 6. Be3 Bb4 7. Bd3 Bxc3+ 8. bxc3 Nf6 9. 0-0 h6 10. c4 0-0 11. c3 Ne7 12. Ne5 Qe8 13. Bxh6 Nf5 14. Bd2 Nd7 15. Nf3 b6 16. g4 Ne7 17. Qe1 f5 18. Qxe6+ Qf7 19. gxf5 Nxf5 20. Bxf5 Nf6 21. Qxf7+ Rxf7 22. Ne5 Rf8 23. Bd3 Bb7 24. d5 Rae8 25. Rae1 Rd8 26. Bg5 Rd6 27. Ng6 Rf7 28. Bf5 Nd7 29. Be6 1-0

[Event "Niedersachsen-ch op"]
[Site "Verden"]
[Date "2007.01.07"]
[Round "7"]
[White "Gawollek, Hans"]
[Black "Hartogh, Tim"]
[Result "0-1"]
[WhiteElo "1365"]
[BlackElo "1157"]
[PlyCount "66"]
[EventDate "2007.01.04"]
[EventType "swiss"]
[EventRounds "7"]
[EventCountry "GER"]
[SourceTitle "EXT 2021"]
[Source "ChessBase"]
[SourceDate "2020.10.23"]
[SourceVersion "1"]
[SourceVersionDate "2020.10.23"]
[SourceQuality "1"]

1. c4 c5 2. e3 e6 3. d4 cxd4 4. exd4 Bb4+ 5. Bd2 Bxd2+ 6. Qxd2 d5 7. c5 Nf6 8. Nc3 0-0 9. Nf3 Nc6 10. Be2 b6 11. Bb5 Bd7 12. a3 Ne4 13. Nxe4 dxe4 14. Ng1 Nxd4 15. Qxd4 Bxb5 16. Qxd8 Rfxd8 17. cxb6 axb6 18. Ne2 Bxe2 19. Kxe2 Rac8 20. Rac1 Kf8 21. g4 Ke7 22. Rhd1 Rxd1 23. Rxd1 Rc2+ 24. Rd2 Rxd2+ 25. Kxd2 Kf6 26. Kc3 Kg5 27. h3 Kf4 28. Kd4 f5 29. gxf5 exf5 30. Kd5 Kf3 31. Kc6 Kxf2 32. Kxb6 e3 33. a4 e2 0-1